| 000 | 00537nam a22002297a 4500 | ||
|---|---|---|---|
| 003 | UA-OsUOA | ||
| 001 | 42375 | ||
| 007 | ta | ||
| 008 | 20061103b un ||||| |||| 00| 0 ukr d | ||
| 100 | _aSturkul V. | ||
| 090 | _a94(477).09 | ||
| 942 | _cBK | ||
| 040 |
_aUA-OsUOA _beng _cUA-OsUOA _dUA-OsUOA |
||
| 245 | _aWe Accuse | ||
| 300 | _a302 с. | ||
| 955 | _a2 | ||
| 041 | _aeng | ||
| 080 | _a94(477).09 | ||
| 260 |
_aК. _bDnipro _c1984 |
||
| 650 | 7 |
_a9 Географія. Біографії. Історія _2UDC |
|
| 999 |
_c328506 _d328506 |
||